000 00758na a2200241 4500
001 14642
003 MIRAKIL
005 20181213154918.0
008 160830b tu 000 0
020 _a9786058621015
035 _a14642
040 _aMilas
_btur
_cTR-AnCHP
082 _aATA 956.1023
_bÖ94a 2014
090 _aATA 956.1023 Ö94a 2014
100 _aÖzkan, Abdullah
245 _aAtatürk'le Cumhuriyet yolunda kurtuluş
_bolaylar, kişiler, eserler kronolojik tarih-alfabetik döküm
_cAbdullah Özkan
260 _aİstanbul
_b[yayl. y.]
_c2014
300 _a696 s.
_c26 sm.
504 _aKaynakça var.
600 _aAtatürk, Mustafa Kemal
_d1881-1938
651 _aTürkiye
_xTarih
_xKurtuluş Savaşı
_xKronoloji
942 _2dcc
_cBKS
999 _c3045
_d3045